Armonizacin̤ de programas para el desarrollo rural y manejo sustentable de las tierras

Detalles Bibliográficos
Autor principal: Chapela, Gonzalo
Otros Autores: ℓlvarez Lp̤ez, Gloria Margarita
Formato: eBook
Lenguaje:español
Publicado: Ciudad de Mx̌ico: Cm̀ara de Diputados, 2007
Materias:
Acceso en línea:Acceso restringido

MARC

LEADER 00000nam a22000007a 4500
005 20170702224846.0
007 cr|||| ||||
008 170702s2007 mx |||||s|||| 00||0 spa d
035 |a 20391 
040 |a vLex 
090 |c 6801  |d 6801 
100 1 |a Chapela, Gonzalo 
245 1 0 |a Armonizacin̤ de programas para el desarrollo rural y manejo sustentable de las tierras  |h [Recurso electrn̤ico] /  |c Gonzalo Chapela, Gloria Margarita ℓlvarez Lp̤ez 
256 |a Servicio en ln̕ea 
260 |a Ciudad de Mx̌ico:  |b Cm̀ara de Diputados,  |c 2007 
300 |a 1 recurso electrn̤ico 
506 1 |a Disponible solo en los productos indicados  |d vLex Global  |d vLex Global (Academic Edition, excluding Law Schools)  |d vLex Global (U.S. Academic Edition, Law Schools)  |d vLex Global (U.S. Academic Edition, excluding Law Schools)  |d vLex Global (Academic Edition, Law Schools) 
650 0 4 |a Derecho Laboral y Seguridad Social  |z Mx̌ico 
650 0 4 |a Derecho Pb︢lico y Administrativo  |z Mx̌ico 
650 0 4 |a Derecho del Medio Ambiente  |z Mx̌ico 
700 1 |a ℓlvarez Lp̤ez, Gloria Margarita 
740 0 |a vLex Libros (Servicio en ln̕ea) 
856 4 0 |u http://vlex.com/source/armonizacion-de-programas-para-el-desarrollo-rural-y-manejo-sustentable-de-las-tierras-20391  |z Acceso restringido 
942 |c BOOK 
999 0 |a Labor Law and Social Security 
999 0 |a Public and Administrative Law 
999 0 |a Environmental Law